000 00354 a2200157 4500
001 45511
020 _a9788572081245
040 _cAnchieta - Aquarius
100 _aJunqueira, Sônia
240 1 0 _aO susto do periquito
_lpor
245 1 0 _aO susto do periquito
300 _a19
362 0 _a2010
650 4 _aLiteratura infanto-juvenil
942 _cBK
999 _c45511
_d45511